[Event "Ceske Budejovice op-A"]
[Site "Ceske Budejovice"]
[Date "2023.07.06"]
[Round "6"]
[White "Novak, Vaclav"]
[Black "Havelkova, Beata"]
[Result "1-0"]
[WhiteElo "1899"]
[BlackElo "1707"]
[PlyCount "81"]
[EventDate "2023.07.01"]
[EventType "swiss"]
[EventRounds "9"]
[EventCountry "CZE"]
[SourceTitle "CBM 215 Extra"]
[Source "ChessBase"]
[SourceDate "2023.09.30"]
[SourceVersion "1"]
[SourceVersionDate "2023.09.30"]
[SourceQuality "1"]

1. e4 c5 2. Nf3 e6 3. d3 Nc6 4. Nc3 a6 5. g3 Nf6 6. Bg2 Be7 7. 0-0 0-0 8. d4 cxd4 9. Nxd4 Qc7 10. Be3 Rb8 11. a4 b6 12. f4 Nxd4 13. Bxd4 Bb7 14. e5 Ne8 15. Ne4 f6 16. Qd3 d6 17. exf6 Nxf6 18. Ng5 Bxg2 19. Bxf6 g6 20. Bxe7 Bxf1 21. Qxd6 Qxd6 22. Bxd6 Bc4 23. Bxb8 Rxb8 24. b3 h6 25. Ne4 Bd5 26. Nf6+ Kf7 27. Nd7 Rb7 28. Ne5+ Kf6 29. Ng4+ Kg7 30. Re1 h5 31. Ne5 Rc7 32. c4 Bb7 33. Rd1 Be4 34. Rd6 b5 35. Rxa6 bxc4 36. bxc4 Rb7 37. Rxe6 Rb2 38. c5 Rg2+ 39. Kf1 Rxh2 40. c6 Bg2+ 41. Kg1 1-0

[Event "CZE-chT2A 2223"]
[Site "Czech Republic"]
[Date "2023.03.26"]
[Round "11.7"]
[White "Havelkova, Beata"]
[Black "Pospech, Radim"]
[Result "1-0"]
[WhiteElo "1622"]
[BlackElo "1903"]
[PlyCount "79"]
[EventDate "2022.10.16"]
[EventType "team-tourn"]
[EventRounds "11"]
[EventCountry "CZE"]
[SourceTitle "EXT 2024"]
[Source "ChessBase"]
[SourceDate "2023.10.10"]
[SourceVersion "1"]
[SourceVersionDate "2023.10.10"]
[SourceQuality "1"]
[WhiteTeam "Budejovice II"]
[BlackTeam "Praha Dukla"]
[WhiteTeamCountry "CZE"]
[BlackTeamCountry "CZE"]

1. e4 c5 2. c3 d6 3. d4 Nf6 4. dxc5 Nc6 5. cxd6 Nxe4 6. dxe7 Qxd1+ 7. Kxd1 Nxf2+ 8. Ke1 Nxh1 9. exf8Q+ Rxf8 10. Bf4 Bf5 11. Na3 0-0-0 12. Nb5 Rfe8+ 13. Be2 Re6 14. Kf1 a6 15. Na3 Ne5 16. Bxe5 Rxe5 17. Nf3 Re7 18. Nd4 Bg6 19. Bf3 Rde8 20. Nac2 Bxc2 21. Nxc2 f5 22. g3 Nxg3+ 23. hxg3 g5 24. Re1 g4 25. Rxe7 Rxe7 26. Bd5 Kc7 27. Nd4 h5 28. Be6 Kd6 29. Bxf5 Rf7 30. Kg2 Rf6 31. Bc2 Kd5 32. Ne2 Ke5 33. Nf4 Rd6 34. Nd3+ Kf5 35. Kf2 Kg5 36. c4 b6 37. b4 h4 38. gxh4+ Kxh4 39. c5 bxc5 40. bxc5 1-0

[Event "EU-ch Hybrid U14 Girls"]
[Site "Tornelo INT"]
[Date "2021.10.15"]
[Round "1"]
[White "Mikheeva, Galina"]
[Black "Havelkova, Beata"]
[Result "1-0"]
[WhiteElo "2034"]
[BlackElo "1558"]
[PlyCount "65"]
[EventDate "2021.10.15"]
[EventType "swiss"]
[EventRounds "9"]
[EventCountry "NET"]
[SourceTitle "EXT 2023"]
[Source "ChessBase"]
[SourceDate "2022.10.05"]
[SourceVersion "1"]
[SourceVersionDate "2022.10.05"]
[SourceQuality "1"]
[WhiteTeam "Russia"]
[BlackTeam "Czech Republic"]
[WhiteTeamCountry "RUS"]
[BlackTeamCountry "CZE"]

1. e4 c5 2. Nf3 e6 3. b3 Nc6 4. Bb2 d6 5. d4 cxd4 6. Nxd4 Nf6 7. Nc3 a6 8. Qd2 Nxd4 9. Qxd4 Qc7 10. 0-0-0 b5 11. f3 Bb7 12. Kb1 Be7 13. g4 h6 14. h4 d5 15. exd5 Bc5 16. Qd3 0-0-0 17. Bg2 Rhg8 18. Qe2 Nxd5 19. Nxd5 Bxd5 20. Rd3 f6 21. Rhd1 Rd6 22. g5 hxg5 23. hxg5 Qe7 24. Rc3 Rd7 25. b4 Bc4 26. Rxd7 Qxd7 27. Qe4 Qd1+ 28. Bc1 Bd4 29. Rxc4+ bxc4 30. Qxe6+ Kb7 31. Qxg8 Be3 32. Qf7+ Kb8 33. Qe8+ 1-0

[Event "Ceske Budejovice op"]
[Site "Ceske Budejovice"]
[Date "2021.07.07"]
[Round "7"]
[White "Richterova, Julie"]
[Black "Havelkova, Beata"]
[Result "0-1"]
[WhiteElo "1815"]
[BlackElo "1485"]
[PlyCount "70"]
[EventDate "2021.07.01"]
[EventType "swiss"]
[EventRounds "9"]
[EventCountry "CZE"]
[SourceTitle "CBM 203 Extra"]
[Source "ChessBase"]
[SourceDate "2021.09.30"]
[SourceVersion "1"]
[SourceVersionDate "2021.09.30"]
[SourceQuality "1"]

1. d4 Nf6 2. c4 g6 3. Nc3 d5 4. cxd5 Nxd5 5. e4 Nxc3 6. bxc3 Bg7 7. Be3 c5 8. Qd2 Qa5 9. Rc1 0-0 10. h3 Rd8 11. Nf3 e6 12. Be2 Nc6 13. d5 b6 14. c4 Nb4 15. 0-0 Qxa2 16. Rfd1 Qxd2 17. Nxd2 Na2 18. Rc2 Nc3 19. Re1 a5 20. f4 exd5 21. cxd5 Nxe2+ 22. Rxe2 Ba6 23. Nc4 a4 24. Red2 Bxc4 25. Rxc4 Bf8 26. Rc1 b5 27. Rb2 b4 28. Bd2 a3 29. Rb3 a2 30. Ra1 c4 31. Rf3 Bc5+ 32. Kh2 Bd4 33. Rff1 Bxa1 34. Rxa1 b3 35. Bc3 Rdb8 0-1

[Event "Ceske Budejovice op"]
[Site "Ceske Budejovice"]
[Date "2021.07.05"]
[Round "5"]
[White "Havelkova, Beata"]
[Black "Fiser, Jiri1111"]
[Result "1-0"]
[WhiteElo "1485"]
[BlackElo "1857"]
[PlyCount "90"]
[EventDate "2021.07.01"]
[EventType "swiss"]
[EventRounds "9"]
[EventCountry "CZE"]
[SourceTitle "CBM 203 Extra"]
[Source "ChessBase"]
[SourceDate "2021.09.30"]
[SourceVersion "1"]
[SourceVersionDate "2021.09.30"]
[SourceQuality "1"]

1. e4 g6 2. d4 Bg7 3. Nf3 d6 4. Be2 Nf6 5. Nc3 c6 6. 0-0 0-0 7. Bg5 h6 8. Be3 Nbd7 9. h3 b5 10. e5 Nh7 11. exd6 exd6 12. Qd2 g5 13. d5 c5 14. Nxb5 Qe7 15. Rae1 Nb6 16. c4 Bd7 17. Bd3 Bxb5 18. cxb5 Qd7 19. b4 c4 20. Bxh7+ Kxh7 21. Qc2+ Kg8 22. Bxb6 axb6 23. Qxc4 Rac8 24. Qd3 Rc3 25. Qe2 Qf5 26. Qe4 Qxe4 27. Rxe4 Rd3 28. a4 Rxd5 29. Rc1 Ra8 30. Rc6 Rxa4 31. Rxb6 Ra7 32. Rb8+ Kh7 33. b6 Ra6 34. b7 Rb6 35. Re7 Kg6 36. Rd8 Rdb5 37. Rdd7 Bf6 38. Rxf7 Rxb4 39. g3 d5 40. h4 g4 41. h5+ Kxh5 42. b8Q Rxb8 43. Rxf6 Rg8 44. Rxd5+ Rg5 45. Nxg5 hxg5 1-0

[Event "EU-chT U12 Girls"]
[Site "Pardubice"]
[Date "2019.07.11"]
[Round "1.1"]
[White "Siekanska, Maria"]
[Black "Havelkova, Beata"]
[Result "1-0"]
[WhiteElo "1561"]
[BlackElo "1316"]
[PlyCount "71"]
[EventDate "2019.07.11"]
[EventType "team-tourn"]
[EventRounds "7"]
[EventCountry "CZE"]
[SourceTitle "EXT 2020"]
[Source "ChessBase"]
[SourceDate "2019.10.17"]
[SourceVersion "1"]
[SourceVersionDate "2019.10.17"]
[SourceQuality "1"]
[WhiteTeam "Poland U12 Girls"]
[BlackTeam "Czech Republic U12 Girls"]
[WhiteTeamCountry "POL"]
[BlackTeamCountry "CZE"]

1. d4 d5 2. c4 e6 3. Nc3 Nf6 4. cxd5 exd5 5. Bg5 c6 6. e3 Be7 7. Bd3 Nbd7 8. Nge2 Nh5 9. Bxe7 Qxe7 10. 0-0 0-0 11. Qd2 Re8 12. Rae1 Qg5 13. Nf4 Ndf6 14. Bb1 Bd7 15. Nce2 Nxf4 16. Nxf4 Ne4 17. Bxe4 dxe4 18. f3 exf3 19. Rxf3 Bf5 20. Rg3 Qh4 21. Qc3 g6 22. Rf1 Be4 23. Qb3 Re7 24. Nd3 Bxd3 25. Qxd3 Qe4 26. Qb3 Qd5 27. Qa3 Rae8 28. Rgf3 a6 29. h4 h5 30. Qd3 Qxa2 31. b3 Qa5 32. Rxf7 Rxf7 33. Qxg6+ Kh8 34. Qxf7 Rg8 35. Qe6 Qc7 36. Rf7 1-0